000 01355nam a2200337Ia 4500
001 ebr10613087
003 CaPaEBR
006 m u
007 cr cn|||||||||
008 120605s2012 nyu sb 001 0 eng d
010 _z 2012021677
020 _z9780823245123 (cloth : alk. paper)
020 _z9780823245130 (pbk.)
040 _aCaPaEBR
_cCaPaEBR
035 _a(OCoLC)820849477
050 1 4 _aP95.82.E85
_bK37 2012eb
082 0 4 _a302.23
_223
100 1 _aKarppinen, Kari.
245 1 0 _aRethinking media pluralism
_h[electronic resource] /
_cKari Karppinen.
260 _aNew York :
_bFordham University Press,
_c2012.
300 _aix, 239 p.
490 0 _aDonald McGannon Communication Research Center's Everett C. Parker book series
504 _aIncludes bibliographical references and index.
533 _aElectronic reproduction.
_bPalo Alto, Calif. :
_cebrary,
_d2011.
_nAvailable via World Wide Web.
_nAccess may be limited to ebrary affiliated libraries.
650 0 _aMass media
_xPolitical aspects
_zEurope.
650 0 _aMass media policy
_xPolitical aspects
_zEurope.
650 0 _aMulticulturalism
_zEurope.
655 7 _aElectronic books.
_2local
710 2 _aebrary, Inc.
856 4 0 _uhttp://site.ebrary.com/lib/rucke/Doc?id=10613087
_zAn electronic book accessible through the World Wide Web; click to view
999 _c204988
_d204988